Košice - Leninova ulica

Zobrazenie: Pohľad na kruhovú fontánu, ktorej v strede, z kameňa strieka prúd vody. Fontána je obkolesená rastlinami a železným, nízkym ohradením. Za fontánou sú ihličnaté stromy. Za ihličnatými stromami je vpravo a vľavo rad domov. V ľavom dolnom rohu je tieň časti koruny stromu...

Full description

Bibliographic Details
Other Authors: Absolon, Ľudovít, 1909-1988 (Photographer)
Format: Postcard
Language:Slovak
PhysicalDescription:1 pohľadnica čiernobiela 11 x 15 cm
Published: [Bratislava] VPL 1967
Subjects:

MARC

LEADER 00000nkm a2200000 a 4500
001 vtls012281275
003 SK-MaSNL
005 20260512123817.0
007 kp bo
008 250812s1967 xo g 00 kuslo
015 |a SNBG1967 
040 |a SNK  |b slo  |c SNK  |e AACR2 
041 0 |a slo 
043 |a e-xo--- 
044 |a xo  |c SK 
072 7 |a 913  |x Regionálna geografia  |2 konspekt 
080 |a 913(437.6)  |2 2011 
080 |a 721  |2 2011 
080 |a 711.73  |2 2011 
080 |a (084.121)  |2 2011 
080 |a 725.948  |2 2011 
100 1 |a Absolon, Ľudovít,  |d 1909-1988  |4 pht  |9 38194 
245 1 0 |a Košice - Leninova ulica  |h grafika  |c foto Ľudovít Absolon 
260 |a [Bratislava]  |b VPL  |c 1967 
300 |a 1 pohľadnica  |b čiernobiela  |c 11 x 15 cm 
520 8 |a Zobrazenie: Pohľad na kruhovú fontánu, ktorej v strede, z kameňa strieka prúd vody. Fontána je obkolesená rastlinami a železným, nízkym ohradením. Za fontánou sú ihličnaté stromy. Za ihličnatými stromami je vpravo a vľavo rad domov. V ľavom dolnom rohu je tieň časti koruny stromu 
650 0 7 |a ulice  |2 SNKPH  |9 2938 
650 0 7 |a budovy  |2 SNKPH  |9 1283 
650 0 7 |a Streets  |2 SNKPHeng  |9 347269 
650 0 7 |a Buildings  |2 SNKPHeng  |9 286401 
650 0 7 |a fontány  |2 SNKPH  |9 3014 
650 0 7 |a Fontains  |2 SNKPHeng  |9 343782 
651 7 |a Košice (Slovensko)  |2 SNKPHgeo  |9 18694 
651 7 |a Hlavná ulica (Košice, Slovensko)  |2 SNKPHgeo  |9 29594 
651 7 |a Hlavná ulica (Košice, Slovakia)  |2 SNKPHeng  |9 373997 
655 7 |a miestne pohľadnice  |2 SNKPH  |9 70510 
655 7 |a Local postcards  |2 SNKPHeng  |9 340887 
852 |a Slovenská národná knižnica 
954 |a pohľadnice pôvodné (slovenské)  |2 lita 
958 |a GBN 
958 |a OND 
958 |a GC 
999 |c 789331  |d 791261 
952 |a SNK  |b SNK  |y PREZ  |7 0  |p 17A1247278  |o snkSP 46394  |0 0  |1 0  |4 0  |d 2025-08-12  |l 0  |r 2026-02-24 01:31:53  |w 2026-02-24 
952 |a SNK  |b SNK  |y PREZ  |7 0  |p 17A1275982  |o snkSP 46394 D1  |0 0  |1 0  |4 0  |d 2025-08-12  |l 0  |r 2026-02-24 01:31:53  |w 2026-02-24